Statistiken für Facts about Lebanon

Klicken Sie hier um das Quiz zu spielen!

Allgemein

  • Dieses Quiz wurde 13 mal gespielt
  • Das Durchschnittsergebnis liegt bei 4 aus 15

Antwortstatistiken

FrageAntwort% Korrekt
Wie heißt die HauptstadtBeirut
100%
Aus welcher Stadt erhielt die Bibel ihren NamenByblos
25%
Wo liegt LibanonLevante
25%
Wie lange dauerte der Bürgerkrieg15 Jahre
17%
In welcher Stadt liegt der größte Römische TempelBaalbek
17%
Was ist die Nationalsportart des LandesBasketball
17%
Welche Organisation wird vom Westen als Terrororganisation bezeichnetHezbollah
17%
Welcher Autor hat eins seiner Bücher über 100.000.000 mal verkauftKhalil Gibran
17%
Wofür ist Libanon bekanntKüche
17%
Wie heißt die Libanesische WährungPfund
17%
Welches Antike Volk stammt aus LibanonPhönezier
17%
Was ist die am häufigsten gesprochene Sprache eines LibanesenPortugiesisch
17%
Welche Weltbekannte Sängerin ist LibanesinShakira
17%
Wie heißt die Stadt, die 7 Monate lang von Alexander den Großen attackiert wurdeTyros
17%
Was bedeutet LibanonWeiss
17%

Verteilung der Resultate

Perzentil nach korrekt beantworteten Fragen

Anzahl Personen mit jedem Resultat

Ihre Resultats-Entwicklung

Sie haben dieses Quiz noch nicht gespielt